000 01337nam a2200325Ia 4500
001 ebr10086938
003 CaPaEBR
006 m u
007 cr cn|||||||||
008 950620s1996 nyua sb 001 0 eng d
010 _z 95032607
020 _z0195093240 (alk. paper)
040 _aCaPaEBR
_cCaPaEBR
035 _a(OCoLC)228118519
050 1 4 _aHV9469
_b.U84 1996eb
100 1 _aUseem, Bert.
245 1 0 _aResolution of prison riots
_h[electronic resource] :
_bstrategies and policies /
_cBert Useem, Camille Graham Camp, George M. Camp.
260 _aNew York :
_bOxford University Press,
_c1996.
300 _avi, 223 p. :
_bill.
504 _aIncludes bibliographical references (p. 193-211) and index.
533 _aElectronic reproduction.
_bPalo Alto, Calif. :
_cebrary,
_d2009.
_nAvailable via World Wide Web.
_nAccess may be limited to ebrary affiliated libraries.
650 0 _aPrison riots
_zUnited States
_vCase studies.
650 0 _aPrison administration
_zUnited States
_vCase studies.
650 0 _aPrison riots
_xPrevention.
655 7 _aElectronic books.
_2local
700 1 _aCamp, Camille Graham.
700 1 _aCamp, George M.
710 2 _aebrary, Inc.
856 4 0 _uhttp://site.ebrary.com/lib/rucke/Doc?id=10086938
_zAn electronic book accessible through the World Wide Web; click to view
999 _c69003
_d69003